000 00374nam a22001457a 4500
005 20250614122810.0
008 250614b |||||||| |||| 00| 0 eng d
020 _a9780802428783
050 _aBS445
_bGEI
100 _aGEISLER L. NORMAN
245 _aFROM GOD TO US ;
_bHOW WE GOT OUR BIBLE
260 _aCHICAGO
_bMOODY PRESS
_cc1974
300 _a255p
942 _2lcc
_cBK
_n0
999 _c6473
_d6473